000 00443nam a22001337a 4500
005 20241107134607.0
008 241107b |||||||| |||| 00| 0 eng d
245 _aThe Supreme Court of Ghana Law Reports 2017-18 Vol.1
260 _aAccra, Ghana
_bAdvanced Legal Publications
_c2019
300 _a851 pages
_c23 cm
500 _aCases determined by the Supreme Court of the Republic of Ghana.
650 _2Law Reports
_xGhana
942 _2lcc
_cBK
_n0
999 _c817
_d817